Sorting Blitz Capital Cities II Quiz Stats

 Plays Quiz Updated Jan 13, 2019

Score 0/40 Timer 02:30
1 Play Today
% Correct
???
67.2%
???
66.9%
???
62.3%
???
59%
???
58.6%
???
58.3%
???
56.9%
???
56.9%
???
55.9%
???
54.7%
???
54.6%
???
53.5%
???
52%
???
50.3%
???
50%
???
47.8%
???
46.6%
???
45.5%
???
45.1%
???
43.5%
% Correct
???
43.1%
???
42.8%
???
42.6%
???
40%
???
38.2%
???
36.7%
???
35.8%
???
35.6%
???
35.1%
???
34.5%
???
33.8%
???
33.6%
???
31.4%
???
29.6%
???
29.4%
???
29.2%
???
27.8%
???
27.7%
???
27.2%
???
25.6%

You're not logged in!

Compare scores with friends on all Sporcle quizzes.
OR
Log In

Show Comments

Extras

Top Quizzes Today


Score Distribution

Your Account Isn't Verified!

In order to create a playlist on Sporcle, you need to verify the email address you used during registration. Go to your Sporcle Settings to finish the process.

Report this User

Report this user for behavior that violates our Community Guidelines.

Details: